|
|
|
|
| LEADER |
00918nam a2200217 i 4500 |
| 001 |
acta67763 |
| 005 |
20250410093253.0 |
| 008 |
200207s2014 hu o 000 eng d |
| 020 |
|
|
|a 978-963-306-255-5
|
| 022 |
|
|
|a 2064-4825
|
| 040 |
|
|
|a SZTE Egyetemi Kiadványok Repozitórium
|b hun
|
| 041 |
|
|
|a eng
|
| 245 |
0 |
0 |
|a Heroes and celebrities in Central and Eastern Europe
|h [elektronikus dokumentum]
|
| 260 |
|
|
|a Néprajzi és Kulturális Antropológiai Tanszék
|b Szeged
|c 2014
|
| 300 |
|
|
|a 231
|c 24 cm
|
| 490 |
0 |
|
|a A vallási kultúrakutatás könyvei
|
| 650 |
|
4 |
|a Társadalomtudományok
|
| 650 |
|
4 |
|a Szociológia
|
| 695 |
|
|
|a Híres emberek, Személyi kultusz - 20. sz., Identitástudat - Közép-Kelet-Európa - tanulmányok, Népi vallásosság - Közép-Kelet-Európa - tanulmányok
|
| 700 |
0 |
1 |
|a Povedák István
|
| 856 |
4 |
0 |
|u http://acta.bibl.u-szeged.hu/67763/1/vallasi_kulturakutatas_konyvei_005.pdf
|z Dokumentum-elérés
|